000 00716nam a2200289Ia 4500
005 20260121124417.0
008 008 260114s9999 xx 000 0 eng d
020 _a9783110654639
037 _aEBOOK
040 _aCRL
040 _beng
040 _cCRL
041 _2eng
041 _aeng
084 _qCRL
100 _aKisner, Manja
_9975526
245 4 _aThe Concept of Will in Classical German Philosophy
260 _bWalter de Gruyter
260 _bWalter de Gruyter
260 _c2020
650 _aPhilosophy
_9975527
700 _a Noller, Jorg
_9975528
856 _uhttp://www.degruyter.com/isbn/9783110654639
942 _cEBOOK
999 _c1554391
_d1554391